Online
Catalog

La gata cenicienta y otras fábulas de "Lo cunto de li cunti" / (Record no. 20385)

MARC details
000 -CABECERA
campo de control de longitud fija 00984nam a2200265 a 4500
001 - NÚMERO DE CONTROL
campo de control 000020882
005 - FECHA Y HORA DE LA ÚLTIMA TRANSACCIÓN
campo de control 20230519124857.0
008 - DATOS DE LONGITUD FIJA--INFORMACIÓN GENERAL
campo de control de longitud fija 100821s2001 it r 000 j spa d
020 ## - NÚMERO INTERNACIONAL ESTÁNDAR DEL LIBRO
Número Internacional Estándar del Libro 8888405046
040 ## - FUENTE DE LA CATALOGACIÓN
Centro catalogador/agencia de origen DO-SdBNP
Lengua de catalogación spa
Centro/agencia transcriptor BNPHU
040 ## - FUENTE DE LA CATALOGACIÓN
Centro catalogador/agencia de origen DO-SdBNP
082 ## - NÚMERO DE LA CLASIFICACIÓN DECIMAL DEWEY
Número de clasificación 853.5
Número de documento/Ítem B311g
100 1# - ENTRADA PRINCIPAL--NOMBRE DE PERSONA
Nombre de persona Basile, Giambattista,
Fechas asociadas al nombre 1566-1632
9 (RLIN) 43767
240 13 - TÍTULO UNIFORME
Título uniforme [Lo cunto de li cunti]
Lenguaje de la obra Español.
245 13 - MENCIÓN DE TÍTULO
Título La gata cenicienta y otras fábulas de "Lo cunto de li cunti" /
Mención de responsabilidad, etc. Giambattista Basile ; traducción de César Palma ; edición de Danilo Manera ; presentación de Adriana Buffardi.
260 ## - PUBLICACIÓN, DISTRIBUCIÓN, ETC.
Lugar de publicación, distribución, etc. Martorano di Cesena, Italia :
Nombre del editor, distribuidor, etc. Italia,
Fecha de publicación, distribución, etc. 2001.
300 ## - DESCRIPCIÓN FÍSICA
Extensión 90, [5] p. ;
Dimensiones 17 cm.
490 1# - MENCIÓN DE SERIE
Mención de serie Un mar de sueños
Designación de volumen o secuencia 6
650 #4 - PUNTO DE ACCESO ADICIONAL DE MATERIA--TÉRMINO DE MATERIA
Término de materia o nombre geográfico como elemento de entrada Cuentos italianos
9 (RLIN) 5425
650 #4 - PUNTO DE ACCESO ADICIONAL DE MATERIA--TÉRMINO DE MATERIA
Término de materia o nombre geográfico como elemento de entrada Literatura italiana
Subdivisión cronológica SIGLO XVI
9 (RLIN) 43768
700 1# - PUNTO DE ACCESO ADICIONAL--NOMBRE DE PERSONA
Nombre de persona Palma, César,
Término indicativo de función/relación tr.
9 (RLIN) 19575
700 1# - PUNTO DE ACCESO ADICIONAL--NOMBRE DE PERSONA
Nombre de persona Manera, Danilo,
Término indicativo de función/relación ed.
9 (RLIN) 23179
700 1# - PUNTO DE ACCESO ADICIONAL--NOMBRE DE PERSONA
Nombre de persona Buffardi, Adriana,
9 (RLIN) 43769
830 #0 - PUNTO DE ACCESO ADICIONAL DE SERIE-TÍTULO UNIFORME
Título uniforme Un mar de sueños ;
Designación de volumen o secuencia 6
9 (RLIN) 40693
Holdings
Estado de retiro Estado de pérdida Restricciones de uso No para préstamo Código de colección Localización permanente Ubicación/localización actual Ubicación en estantería Fecha de adquisición Número de inventario Total de préstamos Signatura topográfica completa Código de barras Fecha visto por última vez Precio válido a partir de Tipo de ítem Koha Número de copia
    Préstamo interno   Monografías: Libros y Folletos General General En catalogación 21.08.2010 LF1   853.5 B311g 20882-10 25.06.2020 25.06.2020 Préstamo interno  
    Préstamo interno Préstamo restrigido Monografías: Libros y Folletos General General En catalogación 21.08.2010 LF1   853.5 B311g 20882-20 25.06.2020 25.06.2020 Préstamo interno e. 2
    Préstamo interno   Monografías: Libros y Folletos General General En catalogación 21.08.2010 LF1   853.5 B311g 20882-30 25.06.2020 25.06.2020 Préstamo interno e. 3

Powered by Koha